| 000 | 00540ntaaa2200205 4500 | ||
|---|---|---|---|
| 003 | 01 | ||
| 005 | 20251027200643.0 | ||
| 008 | 0714s1973 ag 01 | ||
| 040 |
_aAR-BaBN _bspa _cAR-BaBN _eaacr _dRIC |
||
| 082 | _a131.32 N16 | ||
| 100 | _aNarramore, Clyde M | ||
| 245 |
_aImproving your self-confidence / _cClyde M Narramore, |
||
| 250 | _a1 ed. | ||
| 260 |
_aGrand Rapids : _bZondervan Pu. House, _c1961, 1966 |
||
| 300 | _a29 p | ||
| 650 | _aPsicologia Popular | ||
| 650 |
_aSalud Mental _92011 |
||
| 650 | _aPersonalidad | ||
| 942 | _cBK | ||
| 999 |
_c1151 _d1151 |
||